000 00504nab a2200145Ia 4500
003 ES-SlBCS
005 20210601142913.0
008 140529s2008 xxu||||| |||| 00| 0 spa d
041 _aspa
100 1 _aMoreno Molina, Agustín
_9278697
245 0 0 _aContexto histórico de la Iglesia católica en Venezuela a fines del siglo XIX e inicio del siglo XX
_c Agustín Moreno Molina
650 4 _aIglesia Venezolana
_9220437
773 0 _tIter
_gvol. 19, nº. 45-46, 2008, págs. 257-270
_wRev385
942 _cAR
999 _c683898
_d683898